| 000 | 01137nam a2200301 i 4500 | ||
|---|---|---|---|
| 003 | DO-SdBNP | ||
| 005 | 20260304094324.0 | ||
| 007 | ta | ||
| 008 | 091118s2016 dr 000 j spa d | ||
| 020 | _a9789945905014 | ||
| 040 |
_aDO-SdBNP _bspa _cBNPHU _erda |
||
| 082 | 4 |
_aRD863.44 _bP379f, 2016 _222 |
|
| 100 | 1 |
_aPeix, Pedro _d1952-2015 _eautor _4aut. _925675 |
|
| 245 | 1 | 3 |
_aEl fantasma de la calle el Conde / _cPedro Peix ; coordinación, José Rafael Lantigua ; coordinación, edición y corrección, León Félix Batista |
| 264 | 4 |
_aSanto Domingo : _bEditora Corripio, _c2016. |
|
| 300 |
_a73 páginas ; _c23 cm. |
||
| 336 |
_atexto _btxt _2rdacontent |
||
| 337 |
_asin mediación _bn _2rdamedia |
||
| 338 |
_avolumen _bnc _2rdacarrier |
||
| 500 | _aIncluye datos biográficos del autor en la solapa de la cubierta. | ||
| 590 | _aInventariado 2024/BT | ||
| 650 | 4 |
_aCuentos dominicanos _9176 |
|
| 650 | 4 |
_aLiteratura dominicana. _967 |
|
| 700 | 1 |
_aLantigua, José Rafael, _ecoordinador _4co. _985376 |
|
| 700 | 1 |
_aBatista, León Félix, _ecoordinador, editor y corrector _4co, ed. _985110 |
|
| 910 | _aBtavárez | ||
| 942 |
_2ddc _cLBS1 |
||
| 999 |
_c57754 _d57754 |
||